000 00431nam a2200157 4500
001 148424
003 ES-MaACL
005 20230906202625.0
007 t|
008 070214s1963 sp r ||||1| spa d
100 1 _aStrauss, Linda.
_9108401
245 1 0 _aCampari-Bitter /
_cLinda Strauss.
260 _aBarcelona :
_b[s. n.],
_c[1963] (
_fGráf. Sagitario)
300 _a206 p. ;
_c24 cm.
852 _aES-MaACL
_jC-23872
_bR.52508
999 _c148424
_d148424